banner-ar

منظمة القرن ال 21 / (Record no. 8309)

MARC details
000 -الفاتح
حقل البيانات ثابتة الطول 00853nam a2200265Ia 4500
008 - عناصر البيانات ثابتة الطول - معلومات عامة
حقل البيانات ثابتة الطول 140319s9999 xx 000 0 ara d
040 ## - مصدر الفهرسة
وكالة الفهرسة الأصلية GCL /
وكالة النسخ GCL
082 04 - رقم تصنيف ديوى العشرى
رقم التصنيف 658.401
رقم المادة س م
100 1# - المدخل الرئيسى - إسم شخصى
الإسم الشخصى سيد الهوارى
245 10 - بيان العنوان
العنوان منظمة القرن ال 21 /
بيان المسئوليه,etc سيد الهوارى
250 ## - بيان الطبعة
بيان الطبعة د. ط
260 ## - PUBLICATION, DISTRIBUTION, ETC. (IMPRINT)
تاريخ النشر أو التوزيع 2005
300 ## - الوصف المادى
التعداد 255 ص ؛
أبعاد الوعاء 24 سم
650 04 - المدخل الاضافى بالموضوع-مصطلح موضوعى
مصطلح موضوعي ادارة الاعمال
650 04 - المدخل الاضافى بالموضوع-مصطلح موضوعى
مصطلح موضوعي الشركات
650 04 - المدخل الاضافى بالموضوع-مصطلح موضوعى
مصطلح موضوعي التنمية الادارية
650 04 - المدخل الاضافى بالموضوع-مصطلح موضوعى
مصطلح موضوعي الفساد الادارى
650 04 - المدخل الاضافى بالموضوع-مصطلح موضوعى
مصطلح موضوعي الادارة - تطوير
650 04 - المدخل الاضافى بالموضوع-مصطلح موضوعى
مصطلح موضوعي الاصلاح الادارى
650 04 - المدخل الاضافى بالموضوع-مصطلح موضوعى
مصطلح موضوعي البنوك - تنظيم و ادارة
650 04 - المدخل الاضافى بالموضوع-مصطلح موضوعى
مصطلح موضوعي الادارة - تطوير - القرن 21
650 04 - المدخل الاضافى بالموضوع-مصطلح موضوعى
مصطلح موضوعي منظمة القرن 21
942 ## - عناصر المدخل الإضافي( كوها)
مصدر التصنيف او مخطط الترفيف Dewey Decimal Classification
Koha [default] item type كتاب
260 ## - PUBLICATION, DISTRIBUTION, ETC. (IMPRINT)
-- القاهرة :
-- سيد الهوارى ،
Holdings
حالة التراجع حالة الفقد حالة تلف ليس للاعارة المكان المؤقت الموقع الحالى تاريخ الاكتساب اجمالي اﻻعارات رقم الطلب الباركود تاريخ اخر مشاهدة تاريخ تفعيل السعر نوع وعاء كوها
        مكتبة القاهرة الكبرى مكتبة القاهرة الكبرى 03/26/2014   658.401\س م 17282 03/26/2014 03/26/2014 كتاب
        مكتبة القاهرة الكبرى مكتبة القاهرة الكبرى 03/26/2014   658.401\س م 17283 03/26/2014 03/26/2014 كتاب
        مكتبة القاهرة الكبرى مكتبة القاهرة الكبرى 03/26/2014   658.401\س م 17284 03/26/2014 03/26/2014 كتاب

Powered By

EGPV